5 Best-Selling Candy Bars in the World Quiz Stats

 Plays Quiz not verified by Sporcle

Score 0/5 Timer 05:00
0 Plays Today
Global Sales Candy % Correct
Global Sales - $3.6 BillionSnickers
98.8%
Global Sales - $2.7 BillionReese's
47.7%
Global Sales - $2.6 BillionDove
17.4%
Global Sales - $2.5 BillionMilka
14%
Global Sales - $2.5 BillionCadbury Dairy Milk
10.5%

You're not logged in!

Compare scores with friends on all Sporcle quizzes.
OR
Log In

Sporcle TV

Today on Sporcle TV


Watch our educational content, quiz creation guides, and fun videos on Sporcle TV.

Show Comments

Extras

Top Quizzes Today


Score Distribution

Your Account Isn't Verified!

In order to create a playlist on Sporcle, you need to verify the email address you used during registration. Go to your Sporcle Settings to finish the process.

Report this User

Report this user for behavior that violates our Community Guidelines.

Details: